00607nam a2200145Ia 4500008004100000020001800041100005300059245011900112260002200231650001200253650006300265856004100328999001900369952007300388171212s9999 xx 000 0 und d a9781760460846 aKennett, B.L.N.;Saygin, E.;Fomin, T.;Blewett, R. cKennett, B.L.N.;Saygin, E.;Fomin, T.;Blewett, R.aDeep Crustal Seismic Reflection ProfilingbAustralia 1978–2015 bANU E Pressc2016 aGeology aSeismology -- Australia; Seismic waves; Seismic tomography uhttp://jstor.org/stable/j.ctt1rrd7rv c351065d351065 001040aCLbCLd2017-12-12l0r2017-12-12 00:00:00w2017-12-12yCBE